| 000 | 00546nam a2200193 i 4500 | ||
|---|---|---|---|
| 001 | 57342 | ||
| 003 | ES-MaACL | ||
| 005 | 20230906163546.0 | ||
| 007 | t| | ||
| 008 | 031016s1909 fr ||||1| fre d | ||
| 100 | 1 |
_aDopter, Ch. _945369 |
|
| 245 | 1 | 4 |
_aLes dysenteries _b: etude bacteriologique / _cCh. Dopter. |
| 260 |
_a[S.l. : _bs.n., _c1909] ( _eTours : _fMame) |
||
| 300 |
_a299 p. ; _c18 cm. |
||
| 490 | 1 | _aEncyclopédie scientifique | |
| 830 | 0 |
_aEncyclopédie scientifique _9180883 |
|
| 852 |
_aES-MaACL _jD-4290 |
||
| 999 |
_c57342 _d57342 |
||